| 000 | 00516nam a2200169 i 4500 | ||
|---|---|---|---|
| 001 | 20805 | ||
| 003 | ES-MaACL | ||
| 005 | 20230906152351.0 | ||
| 007 | t| | ||
| 008 | 021118s1960 sp ||||1| spa d | ||
| 100 | 1 |
_aAkerman, Johan. _919035 |
|
| 245 | 1 | 0 |
_aEstructuras y ciclos económicos / _cJohan Akerman ; [versión española de José María Fallas]. |
| 260 |
_aMadrid : _bAguilar, _c1960. |
||
| 300 |
_aXII, 587 p. ; _c22 cm. |
||
| 700 | 1 |
_aFallas, José María. _948763 |
|
| 852 |
_aES-MaACL _jC-17634 _bR.46016 |
||
| 999 |
_c20805 _d20805 |
||